| 000 | 00816 a2200217 4500 | ||
|---|---|---|---|
| 001 | 42244 | ||
| 005 | 20260407155712.0 | ||
| 008 | 260407a1970 arg spa d | ||
| 003 | AR-UNSa-BCEJYS | ||
| 040 |
_aAR-UNSa-BCEJYS _bspa _cAR-UNSa-BCEJYS |
||
| 080 |
_a330.834 _xKeynes y el keynesianismo. Neokeynesianismo. Poskeynesianismo |
||
| 245 | 1 | 0 | _aGuía de Keynes |
| 250 | _a1a ed., 5a. reimpr. | ||
| 264 | 1 |
_aMéxico : _bFondo de Cultura Económica _c1970 |
|
| 300 |
_a205 p. _c21 cm. |
||
| 505 | _a1. Introducción - 2. Definiciones e ideas - 3. La propensión a consumir - 4. El incentivo para invertir - 5. Salarios nominales y precios - 6. Breves consideraciones sugeridas por la teoría general | ||
| 041 | _aspa | ||
| 942 | _cBK | ||
| 590 | _aniveau_biblio:m niveau_hierar:0 | ||
| 100 | 1 | _aHansen, Alvin H. | |
| 999 |
_c3580 _d3580 |
||